Une lettre suffit pour répondre juste #7 (attention 10 lettres tuent) - Statistiques

Statistiques générales
  • Ce quiz a été pris 69 fois
  • Le résultat moyen est 2 sur 6
Statistiques - réponses
Hint Réponse % Correct
Donne une des 5 lettres qui compose le nom de la franchise de NBA dont voici l'un des maillots MAGIC
98%
Donne une des 4 lettres qui complète le titre et les paroles de la chanson de Jimi Hendrix (Experience) sortie en 1967 : _ _ _ _ Lady I wanna take you home I won't do you no harm, no You've gotta be all mine, all mine Aw shucks, _ _ _ e_ lady
FOXY
37%
Donne une des 3 lettres qui complète le nom de cette série de mangas animé en extrait : _ _ _ le Survivant
KEN
31%
Donne une des 2 lettres qu'on entend quand est dit à haute voix le verbe qui signifie à la fois corrompre quelqu'un et obtenir un avantage au prix d'un sacrifice HT
10%
Donne la lettre qui complète la chanson Djadja d'Aya Nakamura : Tu penses à moi, j'pense à faire de l'argent J'suis pas ta daronne, j'te ferai pas la morale Tu parles sur moi, y a ? Crache encore, y a ? R
5%
Donne la seule lettre qui complète le nom du film en extrait de 2013 : World War ?
Z
3%
Aucun quiz correspondant
Distribution des résultats
% des personnes avec chaque résultat
Percentile par nombre de réponses
Votre historique - résultats
Vous n’avez pas pris ce quiz